000 00293nam a22001337a 4500
008 181024b xxu||||| |||| 00| 0 eng d
020 _a9780801661419
041 _aeng
080 _a616.12
100 _a7
101 _aKAR
245 _aHemodynamic Wafeforms
_cEaline,K
942 _2udc
_cBK
999 _c50835
_d50835